<?xml version="1.0" encoding="UTF-8"?>
<record
    xmlns:xsi="http://www.w3.org/2001/XMLSchema-instance"
    xsi:schemaLocation="http://www.loc.gov/MARC21/slim http://www.loc.gov/standards/marcxml/schema/MARC21slim.xsd"
    xmlns="http://www.loc.gov/MARC21/slim">

  <leader>03673cam a2200289 a 4500</leader>
  <controlfield tag="001">15884589</controlfield>
  <controlfield tag="003">OSt</controlfield>
  <controlfield tag="005">20150408113959.0</controlfield>
  <controlfield tag="008">111214s2009    enk           001 0 eng  </controlfield>
  <datafield tag="010" ind1=" " ind2=" ">
    <subfield code="a"> </subfield>
  </datafield>
  <datafield tag="040" ind1=" " ind2=" ">
    <subfield code="a">UKM</subfield>
    <subfield code="c">MU</subfield>
  </datafield>
  <datafield tag="042" ind1=" " ind2=" ">
    <subfield code="a">ukblcatcopy</subfield>
    <subfield code="a">lccopycat</subfield>
  </datafield>
  <datafield tag="082" ind1="0" ind2="4">
    <subfield code="a">821.4 O X H</subfield>
    <subfield code="2">22</subfield>
  </datafield>
  <datafield tag="245" ind1="0" ind2="4">
    <subfield code="a">The Oxford handbook of Milton /</subfield>
    <subfield code="c">edited by Nicholas McDowell and Nigel Smith.</subfield>
  </datafield>
  <datafield tag="246" ind1="3" ind2="0">
    <subfield code="a">Milton</subfield>
  </datafield>
  <datafield tag="260" ind1=" " ind2=" ">
    <subfield code="a">Oxford :</subfield>
    <subfield code="b">Oxford University Press,</subfield>
    <subfield code="c">c2009.</subfield>
  </datafield>
  <datafield tag="300" ind1=" " ind2=" ">
    <subfield code="a">xxii, 715 p. ;</subfield>
    <subfield code="c">26 cm.</subfield>
  </datafield>
  <datafield tag="490" ind1="0" ind2=" ">
    <subfield code="a">Oxford handbooks of literature</subfield>
  </datafield>
  <datafield tag="504" ind1=" " ind2=" ">
    <subfield code="a">Includes bibliographical references and index.</subfield>
  </datafield>
  <datafield tag="505" ind1="0" ind2=" ">
    <subfield code="a">Ere half my days : Milton's life, 1608-1640 / Edward Jones -- John Milton : the later life (1641-1674) / Nicholas von Maltzahn -- The adorning of my native tongue : Latin poetry and linguistic metamorphosis / Estelle Haan -- Milton's early English poems : The nativity ode, L'allegro, Il penseroso / Gordon Teskey -- A thousand fantasies : the lady and the Maske / Ann Baynes Coiro -- Lycidas and the influence of anxiety / Nicholas McDowell -- The troubled, quiet endings of Milton's English sonnets / John Leonard -- The anti-Episcopal tracts : republican Puritanism and the truth in poetry / Nigel Smith -- A law in this matter to himself : contextualizing Milton's divorce tracts / Sharon Achinstein -- Whose liberty? : the rhetoric of Milton's divorce tracts / Diane Purkiss -- Milton, Areopagitica, and the parliamentary cause / Ann Hughes -- Areopagitica and liberty / Blair Hoxby -- The strangest piece of reason : Milton's Tenure of kings and magistrates / Stephen M. Fallon -- Milton's regicide tracts and the uses of Shakespeare / Nicholas McDowell -- John Milton, European : the rhetoric of Milton's defences / Joad Raymond -- Defensio prima and the Latin poets / Estelle Haan -- Nothing nobler then a free commonwealth : Milton's later vernacular republican tracts / N.H. Keeble -- Disestablishment, toleration, the New Testament nation : Milton's late religious tracts / Elizabeth Sauer -- Milton and national identity / Paul Stevens -- The genres of Milton's Commonplace book / William Poole -- Milton, the Hartlib circle, the education of the aristocracy / Timothy Raylor -- Conquest and slavery in Milton's History of Britain / Martin Dzelzainis -- De doctrina Christiana : an England that might have been / Gordon Campbell and Thomas N. Corns -- Writing epic : Paradise lost / Charles Martindale -- A mind of most exceptional energy : verse rhythm in Paradise lost / John Creaser -- Editing Milton : the case against modernization / Stephen B. Dobranski -- The world of Paradise lost / Karen L. Edwards -- Paradise lost and heresy / Nigel Smith -- God / Stuart Curran -- Eve, Paradise lost, and female interpretation / Susan Wiseman -- The politics of Paradise lost / Martin Dzelzainis -- Englands case : contexts of the 1671 poems / Laura Lunger Knoppers -- Paradise regained and the memory of Paradise lost / John Rogers -- Samson agonistes and single rebellion / R.W. Serjeantson -- Samson agonistes : the force of justice and the violence of idolatry / Regina M. Schwartz -- Samson agonistes and Milton's sensible ethics / Elizabeth D. Harvey -- Milton epic and bucolic : empire and readings of Paradise lost, 1667-1837 / Anne-Julia Zwierlein -- Miltonic romanticism / Joseph Wittreich.</subfield>
  </datafield>
  <datafield tag="600" ind1="1" ind2="0">
    <subfield code="a">Milton, John,</subfield>
    <subfield code="d">1608-1674</subfield>
    <subfield code="x">Criticism and interpretation.</subfield>
    <subfield code="9">7550</subfield>
  </datafield>
  <datafield tag="700" ind1="1" ind2=" ">
    <subfield code="a">McDowell, Nicholas,</subfield>
    <subfield code="d">1973-</subfield>
    <subfield code="9">8434</subfield>
  </datafield>
  <datafield tag="700" ind1="1" ind2=" ">
    <subfield code="a">Smith, Nigel,</subfield>
    <subfield code="d">1958-</subfield>
    <subfield code="9">8435</subfield>
  </datafield>
  <datafield tag="906" ind1=" " ind2=" ">
    <subfield code="a">7</subfield>
    <subfield code="b">cbc</subfield>
    <subfield code="c">copycat</subfield>
    <subfield code="d">2</subfield>
    <subfield code="e">ncip</subfield>
    <subfield code="f">20</subfield>
    <subfield code="g">y-gencatlg</subfield>
  </datafield>
  <datafield tag="942" ind1=" " ind2=" ">
    <subfield code="2">ddc</subfield>
    <subfield code="c">DVD</subfield>
  </datafield>
  <datafield tag="999" ind1=" " ind2=" ">
    <subfield code="c">19763</subfield>
    <subfield code="d">254263</subfield>
  </datafield>
  <datafield tag="952" ind1=" " ind2=" ">
    <subfield code="1">0</subfield>
    <subfield code="2">2013-03-10</subfield>
    <subfield code="4">0</subfield>
    <subfield code="7">0</subfield>
    <subfield code="a">821.4 O X H</subfield>
    <subfield code="c">n 1</subfield>
    <subfield code="d">2011-12-14</subfield>
    <subfield code="h">IC</subfield>
    <subfield code="i">00100457</subfield>
    <subfield code="m">IC</subfield>
    <subfield code="r">2013-03-10 00:00:00</subfield>
    <subfield code="t">BOOK</subfield>
    <subfield code="w">ddc</subfield>
    <subfield code="y">0</subfield>
  </datafield>
  <datafield tag="952" ind1=" " ind2=" ">
    <subfield code="1">0</subfield>
    <subfield code="2">2013-03-10</subfield>
    <subfield code="4">0</subfield>
    <subfield code="7">0</subfield>
    <subfield code="a">821.4 O X H</subfield>
    <subfield code="c">n 2</subfield>
    <subfield code="d">2011-12-14</subfield>
    <subfield code="h">IC</subfield>
    <subfield code="i">00100456</subfield>
    <subfield code="m">IC</subfield>
    <subfield code="r">2013-03-10 00:00:00</subfield>
    <subfield code="t">BOOK</subfield>
    <subfield code="w">ddc</subfield>
    <subfield code="y">0</subfield>
  </datafield>
</record>
